| 000 | 00533nam a22001457a 4500 | ||
|---|---|---|---|
| 008 | 160415b xxu||||| |||| 00| 0 eng d | ||
| 082 |
_22008 _aUT 0156 _bC11 |
||
| 100 |
_95695 _aCadungog, Analane M. |
||
| 245 |
_aLanguage teaching strategies and communicative competence of the college students/ _cAnalane M. Cadungog and Adrian Orosco. |
||
| 260 |
_aDigos City: _bUMDC _cMarch 2008. |
||
| 300 |
_a60 pages; _c28 cm. |
||
| 650 | 0 |
_95696 _aLiberal Arts _vEnglish _xUndergraduate thesis. |
|
| 700 |
_95697 _aOrosco, Adrian. |
||
| 942 |
_2ddc _cUT |
||
| 999 |
_c1795 _d1795 |
||